Identifying brigth kindergartners at risk for learning difficulties : predictive validity of a kindergarten screening tool (Record no. 70067)
[ view plain ]
| 000 -CABECERA | |
|---|---|
| campo de control de longitud fija | 00693nam a2200229 a 4500 |
| 005 - FECHA Y HORA DE LA ÚLTIMA TRANSACCIÓN | |
| campo de control | 20210219153152.0 |
| 008 - ELEMENTOS DE LONGITUD FIJA--INFORMACIÓN GENERAL | |
| campo de control de longitud fija | 991125n 000 0 u |
| 035 ## - NÚMERO DE CONTROL DEL SISTEMA | |
| Número de control de sistema | UPN01000081648 |
| 100 1# - ASIENTO PRINCIPAL--NOMBRE PERSONAL | |
| Nombre de persona | Kelly, Mary S |
| 222 ## - TÍTULO CLAVE | |
| Título clave | JOURNAL OF SCHOOL PSYCHOLOGY |
| 245 ## - MENCIÓN DE TÍTULO | |
| Título | Identifying brigth kindergartners at risk for learning difficulties : predictive validity of a kindergarten screening tool |
| 300 ## - DESCRIPCIÓN FÍSICA | |
| Extensión | 245-258 |
| 362 0# - FECHAS DE PUBLICACIÓN Y/O DESIGNACIÓN SECUENCIAL | |
| Fecha de publicación y/o designación secuencial | 1992 Vol. 30, no. 3 |
| 653 0# - TERMINO DE INDIZACION - NO CONTROLADO | |
| Término no controlado | DETECCION DE PRUEBAS |
| 653 0# - TERMINO DE INDIZACION - NO CONTROLADO | |
| Término no controlado | JARDIN DE NIÑOS |
| 653 0# - TERMINO DE INDIZACION - NO CONTROLADO | |
| Término no controlado | LECTURA RAPIDA |
| 653 0# - TERMINO DE INDIZACION - NO CONTROLADO | |
| Término no controlado | RENDIMIENTO ACADEMICO |
| 700 1# - ASIENTO SECUNDARIO--NOMBRE DE PERSONAL | |
| Nombre de persona | Peverly, Stephen T., |
| 700 1# - ASIENTO SECUNDARIO--NOMBRE DE PERSONAL | |
| Término indicativo de función/relación | coaut. |
| 904 ## - ELEMENTOS DE DATOS D LOCAL, LDD (RLIN) | |
| a | AC |
| b | 019459 |
| 905 ## - TIPO DE MATERIAL | |
| Tipo de material | Articulo |
No items available.
